000 01165nam a2200349 i 4500
001 bg
245 0 0 _aHawaje /
_c[przygot. ed. pol. Bogdan Rudnicki ; red. prowadzący Joanna Zaborowska ; tł. Paweł Franaszek, Wiktor Dert ; red. Marek Tobolewski].
246 1 _iTyt. oryg.:
_aHawaii
260 _aWarszawa :
_bMediaprofit,
_c2007.
300 _a[2], 349, [1] s. :
_bil. kolor. ;
_c23 cm.
490 1 _aBiblioteka Gazety Wyborczej. Podróże Marzeń ;
_v17
500 _aMapa i plan na wyklejkach.
504 _aIndeks.
651 9 _aHawaje (Stany Zjednoczone)
655 _aPrzewodniki turystyczne
700 1 _aRudnicki, Bogdan.
_eOprac.
700 1 _aZaborowska, Joanna.
_eRed.
700 1 _aFranaszek, Paweł.
_eTł.
700 1 _aDert, Wiktor.
_eTł.
700 1 _aTobolewski, Marek.
_eRed.
830 0 _aBiblioteka Gazety Wyborczej.
_pPodróże Marzeń (2007)
_v17
015 _aPB 18986/2007
020 _a9788360174784
040 _cBPK
041 1 _apol
_heng
044 _aPOL
080 _a913(739.9)(036)
920 _a978-83-60174-78-4
942 _cKS
008 070822s2007 pl a |001 0 pol
999 _c54261
_d54261
856 _uhttp://koha.tu.koszalin.pl/cgi-bin/koha/opac-detail.pl?biblionumber=54261
_yKatalog online BPK